Výběr pracovníků a jeho metody

Proces výberu pracovníkov do značnej miery rozhoduje o tom, akých pracovníkov bude mať podnik k dispozícii, a tým rozhoduje o jeho prosperite a konkurencieschopnosti. Kritéria a metódy výberu pracovníkov. Používanie niektorých metód v zahraničí.

Saved in:
Bibliographic Details
Main Author: Koubek, Josef
Format: Book Chapter
Language:Czech
Subjects:
Tags: Add Tag
No Tags, Be the first to tag this record!

MARC

LEADER 00000naa a2200000 4500
001 r024008
005 20221205091028.6
041 0 |a cze 
044 |a CZ 
245 1 0 |a Výběr pracovníků a jeho metody  |c Josef Koubek 
520 |a Proces výberu pracovníkov do značnej miery rozhoduje o tom, akých pracovníkov bude mať podnik k dispozícii, a tým rozhoduje o jeho prosperite a konkurencieschopnosti. Kritéria a metódy výberu pracovníkov. Používanie niektorých metód v zahraničí. 
610 2 0 |a výber pracovníkov 
610 2 0 |a politika personálna 
610 2 0 |a dotazníky 
610 2 0 |a životopisy 
610 2 0 |a testy spôsobilosti 
610 2 0 |a testy psychologické 
100 1 |a Koubek, Josef